000
00332nam a22001457a 4500
020
_a
0-340-85527-4
082
_a
823
_b
ALM/W
100
_a
ALMOND, DAVID
245
_a
WHERE YOUR WINGS WERE
260
_a
BRITAIN
_b
HODDER CHILDREN'S BOOKS
_c
2002
300
_a
56
520
_a
ENGLISH STORY
650
_a
ENGLISH STORY
942
_c
BK
999
_c
5651
_d
5651